| 000 | 01451nam a22002897a 4500 | ||
|---|---|---|---|
| 003 | PE SENCICO BE | ||
| 005 | 20251020182708.0 | ||
| 008 | 241202b |||||||| |||| 00| 0 eng d | ||
| 020 | _a9787-84-291-2110-0 | ||
| 040 |
_aPE SENCICO BE _cPE SENCICO BE |
||
| 041 | _aspa | ||
| 082 |
_a711.45 _bF38 |
||
| 100 | 1 |
_92722 _aFernández Güell, José Miguel _eautor |
|
| 245 | 1 |
_aPlanificación estratégica de ciudades : _bnuevos instrumentos y procesos / _cJosé Miguel Fernández Güel |
|
| 250 | _a[1a ed.] | ||
| 260 |
_aBarcelona : _bReverté ; _c1997 |
||
| 300 |
_a299, [12] p. ; _bdiagrs. ; _c24 cm. |
||
| 440 |
_91343 _aEstudios universitarios de arquitectura _v10 |
||
| 505 | 0 | _aEl contexto de la planificación urbana contemporánea -- Origen y fundamentos de la planificación estratégica -- Traslación de la planificación estratégica a las ciudades -- Arranque del plan estratégico -- Caracterización de los modelos de desarrollo -- Análisis del entorno -- Análisis de la demanda -- Análisis de los sistemas urbanos -- Análisis de la oferta -- Síntesis del análisis -- Formulación de la visión estratégica -- Desarrollo de estrategias -- Implantación del plan estratégico. | |
| 650 | 1 | 0 |
_9528 _aPlanificación urbana |
| 650 | 2 | 0 |
_92399 _aPolítica urbana |
| 650 | 2 | 0 |
_9522 _aCiudades |
| 650 | 2 | 0 |
_92424 _aOferta y demanda |
| 650 | 2 | 0 |
_9731 _aPlanificación estratégica |
| 910 |
_ahfp _bhfp _chfp |
||
| 942 |
_2ddc _cLIB |
||
| 999 |
_c5007 _d5007 |
||